000 00437 a2200181 4500
001 107777
020 _a9788503008051
041 _apor
090 _aYear 7 869
250 _a77 Ed.
697 _aRomance brasileiro
856 _u000014/000014e2.jpg
040 _aBR-BrIDEA
_cBR-BrIDEA
100 _aQueiroz, Rachel de
_d1910-2003
245 1 0 _aO quinze
_c Rachel d Queiroz
260 _a[S.l.]
_bJosé Olympio
_c2004
942 _cBK
999 _c107777
_d107777